000 01142nem a2200325 4500
001 ebr10015976
003 CaPaEBR
006 m u
007 cr cn|||||||||
008 101210s2001 xx s a s 0 eng d
034 0 _aa
040 _aCaPaEBR
_cCaPaEBR
035 _a(OCoLC)704413362
050 1 4 _aF499.C74
_bC65 2001eb
050 1 4 _aG4084.C6 2001
_bC65eb
052 _a4084
_bC6
245 0 0 _aColumbus, OH
_h[electronic resource].
246 3 _iTitle from title screen:
_aColumbus city map
255 _aScale varies.
260 _a[S.l.] :
_bMaps.com,
_cc2001.
300 _a1 online resource (1 map)
533 _aElectronic reproduction.
_bPalo Alto, Calif. :
_cebrary,
_d2011.
_nAvailable via World Wide Web.
_nAccess may be limited to ebrary affiliated libraries.
650 0 _aRoads
_zOhio
_zColumbus
_vMaps.
651 0 _aColumbus (Ohio)
_vMaps.
651 0 _aColumbus (Ohio)
655 7 _aElectronic books.
_2local
710 2 _aMaps.com (Firm)
710 2 _aebrary, Inc.
856 4 0 _uhttp://site.ebrary.com/lib/rucke/Doc?id=10015976
_zAn electronic book accessible through the World Wide Web; click to view
999 _c10789
_d10789